000 00730cam a22002412 4500
001 0000001693
005 20151217151825.0
008 070322s xx 000 0 eng d
020 _a0750656220 :
_cKES 5,600
040 _aKABU
_cKABU
050 0 _aHD30.3
_b.M87 2003
100 1 _aMurdock, Alex.
_@0000150647
245 1 0 _aPersonal effectiveness /
_cAlex Murdock and Carol N. Scutt.
250 _a3rd ed.
260 _aOxford :
_bElsevier,
_c2003.
300 _axlv, 374 p.
650 0 _aCommunication in management.
_@0000150639
650 0 _aBusiness communication.
_@0000148326
700 1 _aScutt, Carol N.
_@0000150648
908 _a070322
950 _@1
999 _c5395
_d5395